01304nam a2200337 a 4500001001100000003000800011006001900019007001500038008004100053015001500094016001900109020002100128040002100149035002000170050002400190082001700214245013900231260003600370300001500406504005100421533015200472650004400624650003500668650003500703650001400738655002900752700002400781710001700805856012500822999001900947ebr2002957CaPaEBRm u cr cn|||||||||010716s2001 enk sb 001 0 eng  aGBA0-W42287 a03336908342Uk z0333690834(pbk.) aCaPaEBRcCaPaEBR a(OCoLC)7076413314aHV245b.M389 2001eb04a361.308122100aMen and social workh[electronic resource] :btheories and practices /cedited by Alastair Christie ; consultant editor: Jo Campling. aBasingstoke :bPalgrave,c2001. aix, 197 p. aIncludes bibliographical references and index. aElectronic reproduction.bPalo Alto, Calif. :cebrary,d2013.nAvailable via World Wide Web.nAccess may be limited to ebrary affiliated libraries. 0aMale child care workerszGreat Britain. 0aSocial servicezGreat Britain. 0aSocial workerszGreat Britain. 0aSex role. 7aElectronic books.2local1 aChristie, Alastair.2 aebrary, Inc.40uhttp://site.ebrary.com/lib/rucke/Doc?id=2002957zAn electronic book accessible through the World Wide Web; click to view c123485d123485